| 000 -LEADER |
| fixed length control field |
01184nam a22002297a 4500 |
| 005 - DATE AND TIME OF LATEST TRANSACTION |
| control field |
20241126104348.0 |
| 008 - FIXED-LENGTH DATA ELEMENTS--GENERAL INFORMATION |
| fixed length control field |
241126b ||||| |||| 00| 0 eng d |
| 020 ## - INTERNATIONAL STANDARD BOOK NUMBER |
| International Standard Book Number |
9781783125180 |
| 040 ## - CATALOGING SOURCE |
| Transcribing agency |
KH8 |
| 082 ## - DEWEY DECIMAL CLASSIFICATION NUMBER |
| Classification number |
745.584 STA |
| 100 ## - MAIN ENTRY--PERSONAL NAME |
| Personal name |
Stanford, Sara |
| Relator term |
Author |
| 245 ## - TITLE STATEMENT |
| Title |
The brilliant recycling project book / |
| Statement of responsibility, etc. |
Sara Stanford |
| 260 ## - PUBLICATION, DISTRIBUTION, ETC. |
| Place of publication, distribution, etc. |
London, |
| Name of publisher, distributor, etc. |
Welbeck Children's Books, |
| Date of publication, distribution, etc. |
2020 |
| 300 ## - PHYSICAL DESCRIPTION |
| Extent |
95 pages : |
| Other physical details |
colour illustrations ; |
| Dimensions |
27 cm. |
| 500 ## - GENERAL NOTE |
| General note |
Juvenile works |
| 520 ## - SUMMARY, ETC. |
| Summary, etc. |
Minimise your waste and maximise the fun! Turn socks and toilet rolls into fabulous craft makes. From a 'socktopus' to a cute little penguin, children will love these exciting creations! Alternating picture-book style spreads narrated by the quirky makes themselves and step-by-step instructions on how to create them, this book will inspire kids and parents to look twice at the humble sock and toilet roll. Follow the step-by-step guides and don't forget to use the handy cutout bits and pieces at the back of the book to help you with your crafts |
| 521 ## - TARGET AUDIENCE NOTE |
| Target audience note |
For ages 6+ years. |
| 650 ## - SUBJECT ADDED ENTRY--TOPICAL TERM |
| Topical term or geographic name entry element |
Handicraft |
| 650 ## - SUBJECT ADDED ENTRY--TOPICAL TERM |
| Topical term or geographic name entry element |
Socks in art |
| 650 ## - SUBJECT ADDED ENTRY--TOPICAL TERM |
| Topical term or geographic name entry element |
Trash art |
| 942 ## - ADDED ENTRY ELEMENTS (KOHA) |
| Source of classification or shelving scheme |
|
| Koha item type |
Books - Non Ficton |